000 00298cam a22001097a 4500
008 180718b1959 xxu||||| |||| 00| 0 eng d
082 _aB7303x5461 D378
100 _aMunicipal Corporation of Delhi
245 _aManual of rules and regulations
260 _aDelhi
_bThe author
_c1959
300 _a102p.
999 _c488695
_d488695